<?xml version="1.0" encoding="UTF-8"?>
<marc:record xmlns:marc="http://www.loc.gov/MARC21/slim">
   <marc:leader>00000nam a2200000 a 4500</marc:leader>
   <marc:datafield ind1="1" ind2=" " tag="100">
      <marc:subfield code="a">Schreiber-Wicke, Edith</marc:subfield>
      <marc:subfield code="4">aut</marc:subfield>
      <marc:subfield code="e">Verfasser/-in</marc:subfield>
   </marc:datafield>
   <marc:datafield ind1="1" ind2=" " tag="100">
      <marc:subfield code="a">Holland, Carola</marc:subfield>
   </marc:datafield>
   <marc:datafield ind1="0" ind2="0" tag="245">
      <marc:subfield code="a">Das Geheuer</marc:subfield>
   </marc:datafield>
   <marc:datafield ind1="0" ind2="0" tag="245">
      <marc:subfield code="c">Edith Schreiber-Wicke. [Ill.: Carola Holland]</marc:subfield>
   </marc:datafield>
   <marc:datafield ind1=" " ind2="1" tag="264">
      <marc:subfield code="a">München</marc:subfield>
      <marc:subfield code="b">Verl. Jungbrunnen</marc:subfield>
      <marc:subfield code="c">1995</marc:subfield>
   </marc:datafield>
   <marc:datafield ind1=" " ind2=" " tag="250">
      <marc:subfield code="a">[3., veränd. Aufl.]</marc:subfield>
   </marc:datafield>
   <marc:datafield ind1="1" ind2=" " tag="520">
      <marc:subfield code="a">Der Besprechung in BA 7/85 ist nur hinzuzufügen, dass "das Geheuer" sein Äusseres gründlich verändert hat: nicht mehr Bilderbuchformat, sondern Oktav und eine neue Illustration, lustiger und unmittelbarer. Eine Familie kauft also ein Geheuer (rosa Fell mit grünen Streifen, lila Augen), das ungeheuer schnell wächst. Dr. Sigismund Leyd, Seelendoktor für Tiere aller Grössen, deutet das bedrohliche Phänomen als Reaktion auf Wörter wie unmöglich, unglaublich, undenkbar, uninteressant. Und richtig, kaum sind sie im Familienvokabular gestrichen, schrumpft das Ungeheuer zu einer netten, graugetigerten Katze mit rosa Schwanzringel. Eine mit Witz und kleinen Bissigkeiten erzählte Geschichte, die sich selber am besten empfiehlt. Ab 8.</marc:subfield>
   </marc:datafield>
   <marc:datafield ind1=" " ind2=" " tag="020">
      <marc:subfield code="a">370265576X</marc:subfield>
      <marc:subfield code="9">370265576X</marc:subfield>
   </marc:datafield>
   <marc:datafield ind1="0" ind2=" " tag="490">
      <marc:subfield code="v">0</marc:subfield>
   </marc:datafield>
   <marc:datafield ind1=" " ind2=" " tag="300">
      <marc:subfield code="a">62 S. : zahlr. Ill. (z.T. farb.)</marc:subfield>
   </marc:datafield>
</marc:record>
